FOOTBALLER: WHO AM I? - Statistics

General Stats
  • This quiz has been taken 64 times
  • The average score is 8 of 15
Answer Stats
Teams Nation Player % Correct
Malmö, Ajax, Juventus, Inter Milan, Barcelona, AC Milan, PSG, Manchester United, LA Galaxy Sweden Zlatan Ibrahimovic
98%
Bong Range United, Mighty Barrolle, Invincible Eleven, Africa Sports, Tonnerre Yaoundé, Monaco, PSG, AC Milan, Chelsea, Manchester City, Marseille, Al Jazira Liberia George Weah
84%
Stocksbridge Park Steels,Halifax, Fleetwood, Leicester England Jamie Vardy
84%
Liverpool, Real Madrid, Newcastle, Manchester United, Stoke England Michael Owen
81%
Grenoble, Istres, Tours, Montpellier, Arsenal, Chelsea, AC Milan France Olivier Giroud
76%
Hebros, CSKA Sofia, Barcelona, Parma, Al-Nassr, Kashiwa Reysol, Chicago Fire, D.C. United Bulgaria Hristo Stoichkov
66%
Pyunik, Metalurh Donetsk, Shakhtar Donetsk, Borussia Dortmund, Manchester United, Arsenal, Roma, Inter Milan Armenia Henrikh Mkhitaryan
57%
Lumezzane, Inter Milan, Manchester City, AC Milan, Liverpool, Nice, Marseille, Brescia, Monza, Adana Demirspor, Sion Italy Mario Balotelli
55%
PSG, Arsenal, Real Madrid, Liverpool, Man City, Fenerbahçe, Bolton, Chelsea, Shanghai Shenhua, Juventus, West Brom, Mumbai City France Nicolas Anelka
55%
UNAM, San Diego Sockers, Atletico Madrid, Real Madrid, América, Rayo Vallecano, Atlante, Linz, Dallas Burn, Atlético Celaya Mexico Hugo Sanchez
50%
Monaco, Parma, Juventus, Barcelona France Lillian Thuram
33%
River Plate, Huracán, Millonarios, Real Madrid, Espanyol Argentina Alfredo Di Stefano
31%
Manchester United, Preston North End, Waterford, Newcastle KB United, Perth Azzuri, Blacktown City England Bobby Charlton
31%
West Brom, Manchester United, Middlesbrough England Bryan Robson
16%
Fluminense, Santos, Botafogo, Flamengo, New York Cosmos, California Surf Brazil Carlos Alberto
16%
No matching quizzes found
Score Distribution
Percent of People with Each Score
Percentile by Number Answered
Your Score History
You have not taken this quiz